| 000 | 01000nam a2200313Ia 4500 | ||
|---|---|---|---|
| 000 | nam a22 i 4500 | ||
| 001 | UNACH-9057 | ||
| 007 | ta | ||
| 008 | 221212s ||||fr|||| 00| | spa d | ||
| 020 | _a978-9978-17-345-9 | ||
| 041 | 0 | _aspa | |
| 082 | 0 | 4 |
_a346.015 _bDerechos de la familia |
| 100 | 1 |
_aGuaraca Duchi, Javier Eduardo, _eautor |
|
| 245 | 1 | 0 | _aDerecho de la niñez y familia |
| 250 | _aPrimera Edición | ||
| 264 | 3 | 1 |
_a[Quito] : _aEcuador : _bEditorial Jurídica del Ecuador, _c2012 |
| 300 | _a138 páginas | ||
| 336 |
_atexto _btxt _2rdacontent |
||
| 337 |
_ano mediado _bn _2rdamedia |
||
| 338 |
_avolumen _bnc _2rdacarrier |
||
| 504 | _aIncluye: bibliografía. | ||
| 505 | 0 | _aLa familia.-- Derecho de la niñez y la familia.-- Principios e instituciones jurídicas de la niñez y familia. | |
| 650 | 1 | 4 | _aFUNDAMENTOS LEGALES |
| 650 | 2 | 4 | _aDERECHO CONSTITUCIONAL |
| 650 | 2 | 4 | _aPROPOSITO DE LA LEY |
| 653 | 0 | _aDerechos de la familia | |
| 942 |
_2ddc _c1 _n0 |
||
| 999 |
_c7327 _d7327 |
||